|
|
|
|
| LEADER |
00000ny a22000003n 4500 |
| 005 |
2011052706206.0 |
| 008 |
080508t2003 sp s 000 0 spa c |
| 035 |
|
|
|a 289
|
| 040 |
|
|
|a UMA.RE
|d vLex
|
| 080 |
|
|
|a 339.137.2(4-672UE)(0.034)
|
| 080 |
|
|
|a 339.137.2(460)(0.034)
|
| 090 |
|
|
|c 331
|d 331
|
| 245 |
0 |
0 |
|a Derecho de la competencia Europeo y Espaǫl
|h [Recurso electrn̤ico]
|c Luis Ortiz Blanco y Rosario Len̤ Jimňez (coordinadores)
|
| 256 |
|
|
|a Servicio en ln̕ea
|
| 260 |
|
|
|a Madrid:
|b Dykinson,
|c 2003
|
| 506 |
1 |
|
|a Contenido solo disponible en los productos indicados
|d vLex Global
|d vLex Global (Academic Edition, excluding Law Schools)
|d vLex Global (U.S. Academic Edition, Law Schools)
|d vLex Global (U.S. Academic Edition, excluding Law Schools)
|d vLex Global (Academic Edition, Law Schools)
|
| 650 |
0 |
7 |
|a Comunitario
|2 Tesauro vLex
|
| 650 |
0 |
7 |
|a Derecho de la competencia
|2 Tesauro vLex
|
| 650 |
0 |
7 |
|a Derecho comunitario
|2 Tesauro vLex
|
| 650 |
0 |
7 |
|a Derecho de la competencia econm̤ica
|2 Tesauro vLex
|
| 700 |
1 |
|
|a Len̤ Jimňez, Rosario,
|e coord
|
| 700 |
1 |
|
|a Ortiz Blanco, Luis,
|e coord
|
| 740 |
0 |
|
|a vLex Libros (Servicios en ln̕ea)
|
| 856 |
4 |
0 |
|u http://vlex.com/source/289
|z Acceso restringido
|
| 942 |
|
|
|c BOOK
|
| 999 |
0 |
|
|a Law
|b Madrid
|